Denmark : Financial Sector Assessment Program; Detailed Assessment of the Securities Clearance and Settlement Systems.

This paper discusses key findings of the Detailed Assessment of the Securities Clearance and Settlement Systems for Denmark. The assessment recommends that securities settlement systems should have a well-founded, clear, and transparent legal basis in the relevant jurisdiction. Confirmation of trade...

תיאור מלא

מידע ביבליוגרפי
מחבר תאגידי: International Monetary Fund
פורמט: כתב-עת
שפה:English
יצא לאור: Washington, D.C. : International Monetary Fund, 2007.
סדרה:IMF Staff Country Reports; Country Report ; No. 2007/117
גישה מקוונת:Full text available on IMF
LEADER 01703cas a2200241 a 4500
001 AALejournalIMF004839
008 230101c9999 xx r poo 0 0eng d
020 |c 5.00 USD 
020 |z 9781451811148 
022 |a 1934-7685 
040 |a BD-DhAAL  |c BD-DhAAL 
110 2 |a International Monetary Fund. 
245 1 0 |a Denmark :   |b Financial Sector Assessment Program; Detailed Assessment of the Securities Clearance and Settlement Systems. 
264 1 |a Washington, D.C. :  |b International Monetary Fund,  |c 2007. 
300 |a 1 online resource (48 pages) 
490 1 |a IMF Staff Country Reports 
500 |a <strong>Off-Campus Access:</strong> No User ID or Password Required 
500 |a <strong>On-Campus Access:</strong> No User ID or Password Required 
506 |a Electronic access restricted to authorized BRAC University faculty, staff and students 
520 3 |a This paper discusses key findings of the Detailed Assessment of the Securities Clearance and Settlement Systems for Denmark. The assessment recommends that securities settlement systems should have a well-founded, clear, and transparent legal basis in the relevant jurisdiction. Confirmation of trades between market participants should occur as soon as possible after trade execution, but no later than trade date (T+0). Where confirmation of trades by indirect market participants is required, it should occur as soon as possible after trade execution, preferably on T+0, but no later than T+1. 
538 |a Mode of access: Internet 
830 0 |a IMF Staff Country Reports; Country Report ;  |v No. 2007/117 
856 4 0 |z Full text available on IMF  |u http://elibrary.imf.org/view/journals/002/2007/117/002.2007.issue-117-en.xml  |z IMF e-Library